Famous German People by Picture Quiz Stats

 Plays Quiz Updated May 22, 2018

Score 0/16 Timer 06:00
2 Plays Today
Person % Correct
Albert Einstein
98.1%
Ludwig van Beethoven
85.4%
Angela Merkel
82%
Heidi Klum
73.6%
Martin Luther
67%
Karl Marx
65.6%
Steffi Graf
64.6%
Pope Benedict XVI
62.4%
Person % Correct
Johann Sebastian Bach
61.3%
Boris Becker
53.5%
Michael Schumacher
52.2%
Marlene Dietrich
49.5%
Claudia Schiffer
47.1%
Otto von Bismarck
45.6%
Helmut Kohl
39.4%
Friedrich Nietzsche
19.1%

You're not logged in!

Compare scores with friends on all Sporcle quizzes.
OR
Log In

Sporcle TV

Today on Sporcle TV


Watch our educational content, quiz creation guides, and fun videos on Sporcle TV.

Show Comments

Extras

Top Quizzes Today


Score Distribution

Your Account Isn't Verified!

In order to create a playlist on Sporcle, you need to verify the email address you used during registration. Go to your Sporcle Settings to finish the process.

Report this User

Report this user for behavior that violates our Community Guidelines.

Details: